000
00306nam a22001097a 4500
008
211109b ||||| |||| 00| 0 eng d
050
_a
500
_b
1
245
_a
Question Bank And CBSE Sample Paper With Model Test Paper In Science,Class -10
260
_a
Noida
_b
Goyal Brothers
300
_a
1
942
_2
ddc
_c
BK
999
_c
11891
_d
11891